| 000 | 00498nam a2200193Ia 4500 | ||
|---|---|---|---|
| 005 | 20250312043718.0 | ||
| 008 | 240331s9999 xx 000 0 und d | ||
| 020 | _a0415901987 | ||
| 082 |
_a301.01 _bYEA _23734 |
||
| 100 | _aYeatman, A | ||
| 245 | 0 | _aPostmodern Revisionings of the Political | |
| 260 |
_aLondon; _aNew York, _bRoutledge _c1994 |
||
| 300 | _axii, 141 p., | ||
| 650 | _aPostmodernism | ||
| 650 | _aEquality | ||
| 650 | _aSocial Science | ||
| 650 | _aPostcolonialism | ||
| 942 | _cL | ||
| 999 |
_c1057 _d1057 |
||